| 000 | 00469pab a2200181 454500 | ||
|---|---|---|---|
| 008 | 180718b2010 xxu||||| |||| 00| 0 eng d | ||
| 100 | _aRockoff, Jonah | ||
| 245 | _aShort-run impacts of accountability on school quality | ||
| 260 | _c2010 | ||
| 300 | _ap.119-147. | ||
| 362 | _aNov | ||
| 650 | _aSchools | ||
| 650 | _aEducational quality | ||
| 700 | _aTurner, Lesley J. | ||
| 773 | _aAmerican Economic Journal: Economic Policy | ||
| 908 | _aN | ||
| 909 | _a90136 | ||
| 999 |
_c90136 _d90136 |
||